Statistiques concernant Les combattants les plus puissant de Dragon Ball Z

Cliquez ici pour prendre le quiz!

Statistiques générales

  • Ce quiz a été pris 40 fois
  • Le résultat moyen est 8 sur 49

Statistiques - réponses

Race Personnage % Correct
CyborgC-17
68%
CyborgC-18
68%
AndroidC-16
62%
TerrienKuririn
56%
NamekPiccolo
47%
SaiyanVegetto
38%
SaiyanGogeta
38%
TerrienTen Shin Han
35%
MajinMajin Boo (bon)
29%
AndroidC-13
26%
AndroidC-14
26%
DémonsDabla
24%
MajinSuper Boo (Gohan absorbé)
18%
SaiyanGoku Super Saiyan 3
18%
TerrienSpopovitch
15%
SaiyanVegeta Super Saiyan
12%
HeraBojack
12%
Terrien/SaiyanGohan Super Saiyan
12%
MajinMajin Boo pur
12%
AndroidCell parfait
12%
Saiyan/TerrienGohan Super Saiyan 2
12%
Terrien/SaiyanGoten Super Saiyan
9%
Saiyan/TerrienGohan Ultime
9%
MajinPui Pui
9%
TerrienYamu
9%
SaiyanBroly Super Saiyan
9%
Race du FroidRoi Cold
9%
Saiyan/TerrienGotenks Super Saiyan
9%
Terrien/SaiyanTrunks Super Saiyan
6%
MajinSuper Boo (Gotenks absorbé)
6%
SaiyanSuper Vegetto
6%
SaiyanSuper Vegeta
6%
Saiyan/TerrienGotenks Super Saiyan 3
6%
MajinYakon
3%
HeraBujin
3%
KonastienTapion
3%
AndroidCell jr.
3%
Saiyan/TerrienSuper Trunks
3%
AndroidSuper C-13
3%
CyborgMétal Cooler
3%
SaiyanMajin Vegeta Super Saiyan
0%
CyborgMétal Freezer
0%
HeraBojack (forme ultime)
0%
SaiyanBroly Super Saiyan Légendaire
0%
Saiyan/TerrienGohan (Ado) Super Saiyan 2
0%
AndroidCell Super Parfais
0%
AndroidHatchiyack
0%
DémonsJanemba Ultime
0%
Terrien/SaiyanTrunks du Futur Super Saiyan
0%

Distribution des résultats

Percentile par nombre de réponses

% des personnes avec chaque résultat

Votre développement - résultats

Vous n’avez pas pris ce quiz